All 1990s NFL Team - Statistics

General Stats
  • This quiz has been taken 2,459 times
  • The average score is 12 of 35
Answer Stats
Hint Answer % Correct
RB Emmitt Smith
82%
DE Bruce Smith
81%
WR Jerry Rice
80%
RB Barry Sanders
79%
CB Deion Sanders
78%
PR Deion Sanders
78%
QB Troy Aikman
72%
QB John Elway
69%
QB Brett Favre
62%
WR Michael Irvin
52%
DE Reggie White
47%
OLB Derrick Thomas
37%
RB Thurman Thomas
37%
TE Shannon Sharpe
36%
WR Cris Carter
33%
FB Daryl Johnston
33%
CB Rod Woodson
31%
WR Tim Brown
31%
K Gary Anderson
24%
OLB Kevin Greene
16%
OG Bruce Matthews
15%
DT John Randle
14%
S Steve Atwater
14%
MLB Junior Seau
12%
C Dermontti Dawson
11%
DT Cortez Kennedy
9%
TE Ben Coates
8%
OG Randall McDaniel
7%
OT Willie Roaf
6%
OT Gary Zimmerman
4%
C Mark Stepnoski
4%
KR Mel Gray
3%
MLB Sam Mills
3%
P Sean Landeta
3%
S Carnell Lake
2%
No matching quizzes found
Score Distribution
Percent of People with Each Score
Percentile by Number Answered
Your Score History
You have not taken this quiz